Регионална библиотека "Любен Каравелов" - Русе

Приложение на автоматизацията в селското стопанство (Запис номер 59988)

MARC детайли
000 -Лидер
Контролно поле с фиксирана дължина nam a22 a 4500
003 - Код на организацията, давaща контролен номер
Контролно поле BLK
005 - Дата и час на последна редакция
Контролно поле 20220913161503.0
008 - Елементи от данни с фиксирана дължина
fixed length control field 180408b bul|||||r ||||||| ||bul||
010 ## - Наследен системен номер
LC control number KNG00064116000
040 ## - Източник на каталожния запис
Идентификатор на билиотеката - собственик на записа BLK
041 ## - Код за език
Код за езика на текст/звукозапис или на отделно заглавие Български
Код за езика КДБФ Български
080 ## - УДК
Текстов определител УДК Селскостопански машини и инструменти. Селскостопанско машиностроене
УДК код - определител по УДК 631.3
УДК определител -52
УДК - код + определител 631.3-52
100 1# - Редна дума - Автор
Автор Лазаров, Лазар Петков
Авторска отговорност първи автор
R(LIN) 274025
139 ## - Редно поле
Редна дума Лазаров, Лазар Петков и др.
Авторски знак Лаз - Л 14
245 10 - Сведения за заглавието
Заглавие Приложение на автоматизацията в селското стопанство
Редно поле (дума) Лазар Петков Лазаров; съавт. Стайко П. Варамезов
257 ## - Страна на издаване
Страна на създаване/издаване България
260 ## - Област на издателските данни
Място на издаване, разпространение и проч. София
Име на издателя, разпространителя и проч. Земиздат
Година на издаване 1974
300 ## - Физическа характеристика
Страници 275 с.
Илюстрации и др. с черт.
Размери/Мащаб 21 см
380 ## - Жанр
Жанр Селско стопанство
500 ## - Общи забележки
Забележка Авт. не са отбелязани на кор.
504 ## - Забележка за наличие на библиография и др
Забележка за наличие на библиография и под. Библиогр. с. 270-271.
650 #4 - Допълнително описание по предмет – тема
Основно описание – тема или топоним Автоматизация - селско стопанство
9 (RLIN) 289485
653 ## - Ключова дума – ненормативна
Ключова дума селско стопанство
653 ## - Ключова дума – ненормативна
Ключова дума автоматизация
700 1# - Други автори (авторска отговорност)
Лично име Варамезов, Стайко П.
Автороска отговорност (Описва отношението между автора и произведението) съавт.
9 (RLIN) 289491
852 ## - Местоположение
Форматна сигнатура Цб 74424
Фондова буква Хранилище
856 4# - Електронен адрес и достъп
Електронен формат pdf - файл
856 4# - Електронен адрес и достъп
Електронен формат pdf - файл
999 ## - СИСТЕМНИ КОНТРОЛНИ НОМЕРА
Koha biblionumber 59988
Koha biblioitemnumber 59988
942 ## - АРТИКУЛИ
Вид на библиотечния материал Книги
Скрит в OPAC Не
Периодичен библиозапис Да
944 ## - СЪЗДАВАНЕ И РЕДАКЦИЯ на ЗАПИСА
Създаване/Редакция Създаване
Дата на регистрацията/редакция 13.06.2004
Служител, извършил регистрацията/редакцията Читалня
944 ## - СЪЗДАВАНЕ И РЕДАКЦИЯ на ЗАПИСА
Създаване/Редакция Редакция
Дата на регистрацията/редакция 11.08.2009
Наличности
Код за отписване Код за изгубен артикул Източник на класификационната схема Код за повреда Коз за рестрикции Код за отдаване Артикулен № Име на библиотеката - собственик Име на библиотеката, в която се намира в момента Статус (Текущо местоположение) Дата на вписване в системата Местоположение - отдел Цена в лева Инвентарен номер Систематично азбучна сигнатура Баркод Номер на екземпляра Цена в евро Служебна бележка Служебен тип на артикула
  Не е изгубен Universal Decimal Classification Не е повреден само за читалня ползва се в читалня 98390 Регионална библиотека "Любен Каравелов" Русе Регионална библиотека "Любен Каравелов" Русе Хранилище 1974-01-01 Хранилище 1.75 176633 Цб 74424 120000176633 1 0.89 Дост: Dp Вид: Д N: стар фонд Дата: 01.01.1974 Книги
Изтеглен Не е изгубен Universal Decimal Classification Не е повреден без рестрикции ползва се в читалня 98391 Регионална библиотека "Любен Каравелов" Русе Регионална библиотека "Любен Каравелов" Русе Читалня 1974-01-01 Читалня 1.75 176942 Ч 631.3/Л 14 176942 2 0.89 Дост: Pk Вид: Ч N: стар фонд Дата: 01.01.1974 Дата инв: 20.03.2017 Бележки инв: Ч2017 Книги
Vip Innovations Ltd, Rousse, Bulgaria 2025